| 000 | 00399nam a2200157 a 4500 | ||
|---|---|---|---|
| 001 | 3424 | ||
| 003 | CDMR | ||
| 005 | 20130422181834.0 | ||
| 008 | 130130s1997||||||||||||||||||||||||||||d | ||
| 040 |
_aCDMR _bcat _cCDMR |
||
| 100 | 1 |
_aPanades, Rosa María _92470 |
|
| 245 | 1 | 0 |
_aSentido flamenco _cPANADES, Rosa Mª |
| 260 |
_aBarcelona _c1997 _bFocal, A.C. |
||
| 650 | 0 | 4 |
_93096 _aFotografia |
| 942 |
_cMON _2udc |
||
| 999 |
_c3424 _d3424 |
||